<?xml version="1.0" encoding="UTF-8"?><?xml-stylesheet type="text/xsl" href="static/style.xsl"?><OAI-PMH xmlns="http://www.openarchives.org/OAI/2.0/" xmlns:xsi="http://www.w3.org/2001/XMLSchema-instance" xsi:schemaLocation="http://www.openarchives.org/OAI/2.0/ http://www.openarchives.org/OAI/2.0/OAI-PMH.xsd"><responseDate>2026-06-06T04:00:55Z</responseDate><request verb="GetRecord" identifier="oai:riuma.uma.es:10630/18622" metadataPrefix="marc">https://riuma.uma.es/rest/oai/request</request><GetRecord><record><header><identifier>oai:riuma.uma.es:10630/18622</identifier><datestamp>2026-02-03T12:42:34Z</datestamp><setSpec>com_10630_2254</setSpec><setSpec>col_10630_37957</setSpec></header><metadata><record xmlns="http://www.loc.gov/MARC21/slim" xmlns:dcterms="http://purl.org/dc/terms/" xmlns:doc="http://www.lyncode.com/xoai" xmlns:xsi="http://www.w3.org/2001/XMLSchema-instance" xsi:schemaLocation="http://www.loc.gov/MARC21/slim http://www.loc.gov/standards/marcxml/schema/MARC21slim.xsd">
   <leader>00925njm 22002777a 4500</leader>
   <datafield ind2=" " ind1=" " tag="042">
      <subfield code="a">dc</subfield>
   </datafield>
   <datafield ind2=" " ind1=" " tag="720">
      <subfield code="a">Lázaro Muñoz, Antonio José</subfield>
      <subfield code="e">author</subfield>
   </datafield>
   <datafield ind2=" " ind1=" " tag="260">
      <subfield code="c">2019-10</subfield>
   </datafield>
   <datafield ind2=" " ind1=" " tag="520">
      <subfield code="a">Las arquitecturas de computación de alto rendimiento (HPC) se han convertido en una herramienta clave para la investigación y desarrollo de aplicaciones en diversos campos científicos y técnicos. La incorporación de unidades de procesamiento especializadas, también llamadas aceleradores, conectadas mediante buses, como el bus PCIe, han incrementado el rendimiento conseguido por este tipo de arquitecturas. Las plataformas constituidas mediante la combinación de CPUs y aceleradores se denominan heterogéneas ya que incluyen arquitecturas con distintos conjuntos de instrucciones.&#xd;
&#xd;
En la actualidad son cada vez más habituales los sistemas de computación que usan diferentes clases de procesadores (normalmente CPUs y GPUs). Esta incorporación de distintos procesadores permite mejorar la flexibilidad y eficiencia del sistema para la computación de tareas particulares. Aunque la capacidad de procesamiento de propósito general de las GPUs permite realizar de forma eficiente cálculos matemáticos, las CPUs modernas son también capaces de alcanzar un rendimiento computacional similar aprovechando sus capacidades de paralelismo a nivel de instrucción y baja latencia. Es por ello que la gestión de estas plataformas heterogéneas requiere de sistemas de planificación que identifiquen cuáles tareas son más adecuadas para cada procesador.&#xd;
&#xd;
La ejecución concurrente de varias aplicaciones puede dar lugar al envío de varios kernels al acelerador. El soporte hardware para la ejecución concurrente de kernels varía de un acelerador a otro. Por ejemplo, en el caso de NVIDIA se denomina Hyper-Q a un conjunto de hasta 32 conexiones simultáneas, gestionadas por hardware, que permiten lanzar tareas independientes, mientras que en el caso de AMD se usan hasta 8 Asynchronous Compute Engines (ACEs) que pueden gestionar hasta 8 colas hardware cada uno de ellos.</subfield>
   </datafield>
   <datafield ind1="8" ind2=" " tag="024">
      <subfield code="a">https://hdl.handle.net/10630/18622</subfield>
   </datafield>
   <datafield tag="653" ind2=" " ind1=" ">
      <subfield code="a">Ingeniería de ordenadores - Tesis doctorales</subfield>
   </datafield>
   <datafield tag="653" ind2=" " ind1=" ">
      <subfield code="a">Arquitectura de ordenadores - Tesis doctorales</subfield>
   </datafield>
   <datafield tag="653" ind2=" " ind1=" ">
      <subfield code="a">Ordenadores - Organización - Tesis doctorales</subfield>
   </datafield>
   <datafield ind2="0" ind1="0" tag="245">
      <subfield code="a">Planificación Dinámica de Tareas en Aceleradores</subfield>
   </datafield>
</record>
</metadata></record></GetRecord></OAI-PMH>